| 000 | 00921nam a2200253 i 4500 | ||
|---|---|---|---|
| 001 | 88734 | ||
| 003 | ES-MaACL | ||
| 005 | 20250812053011.0 | ||
| 007 | t| | ||
| 008 | 041202s1994 sp ||||1| spa d | ||
| 020 | _a84-7774-563-3 | ||
| 080 | _a875.09 | ||
| 100 | 1 |
_aFränkel, Hermann. _952321 |
|
| 245 | 1 | 0 |
_aPoesía y filosofía de la Grecia arcaica _b: una historia de la épica, lírica y la prosa griegas hasta la mitad del siglo quinto / _cHermann Fränkel ; [traducción de Ricardo Sánchez Ortiz de Urbina]. |
| 260 |
_aMadrid : _bVisor, _c[1994] |
||
| 300 |
_a515 p. ; _c24 cm. |
||
| 490 | 1 |
_aLa balsa de la medusa ; _v63 |
|
| 650 | 1 | 4 |
_aLiteratura griega- _xHistoria y crítica. _914599 |
| 650 | 0 | 0 |
_aFilosofía griega- _xHistoria. _912851 |
| 700 | 1 |
_aSánchez Ortiz de Urbina, Ricardo. _9102822 |
|
| 830 | 1 | 3 |
_aLa balsa de la Medusa _v63 _9178610 |
| 852 |
_aES-MaACL _jE-10570 |
||
| 999 |
_c88734 _d88734 |
||